Introduction to Agricultural Engineering Technology : A Problem Solving Approach (Record no. 13640)
[ view plain ]
| 000 -LEADER | |
|---|---|
| fixed length control field | 00629cam a2200193 a 4500 |
| 020 ## - INTERNATIONAL STANDARD BOOK NUMBER | |
| ISBN | 97800387369136 |
| 020 ## - INTERNATIONAL STANDARD BOOK NUMBER | |
| ISBN | 0387369139 |
| 082 00 - DEWEY DECIMAL CLASSIFICATION NUMBER | |
| Classification number | 631. |
| Item number | FIE/IN |
| 100 1# - MAIN ENTRY--AUTHOR NAME | |
| Personal name | Field, Harry L., |
| 245 13 - TITLE STATEMENT | |
| Title | Introduction to Agricultural Engineering Technology : A Problem Solving Approach |
| 250 ## - EDITION STATEMENT | |
| Edition statement | 3, Indian edition |
| 260 ## - PUBLICATION, DISTRIBUTION, ETC. (IMPRINT) | |
| Place of publication | New York : |
| Name of publisher | Springer, |
| Year of publication | 2009 |
| 300 ## - PHYSICAL DESCRIPTION | |
| Number of Pages | vi, 389 p. : |
| Other physical details | ill. ; |
| 500 ## - GENERAL NOTE | |
| General note | Rev. ed. of: An introduction to agricultural engineering / Lawrence O. Roth. c1991. |
| 500 ## - GENERAL NOTE | |
| General note | Includes index. |
| 650 #0 - SUBJECT ADDED ENTRY--TOPICAL TERM | |
| Topical Term | Agricultural Engineering. |
| 700 1# - ADDED ENTRY--PERSONAL NAME | |
| Personal name | Solie, John B. |
| 942 ## - ADDED ENTRY ELEMENTS (KOHA) | |
| Koha item type | Books |
| Withdrawn status | Lost status | Damaged status | Collection code | Home library | Current library | Shelving location | Date acquired | Cost, normal purchase price | Full call number | Accession Number | Koha item type | Source of acquisition |
|---|---|---|---|---|---|---|---|---|---|---|---|---|
| Non-fiction | KAUAET | KAUAET | General Stacks | 31/03/2012 | 695.00 | 631 FIE/IN | 22869 | Books | ||||
| Non-fiction | KAUAET | KAUAET | General Stacks | 31/03/2012 | 695.00 | 631 FIE/IN | 22870 | Books | ||||
| Non-fiction | KAUAET | KAUAET | General Stacks | 31/03/2012 | 695.00 | 631 FIE/IN | 22871 | Books | ||||
| KAUAET | KAUAET | General Stacks | 19/07/2016 | 695.00 | 631. FIE/IN | 24865 | Books | Ganesh Book Centre |
